000 00608pam a2200229 i 4500
001 3180669
005 20180224032056.0
008 760907r1976 ctu b 001 0 eng
010 _a 76044366
020 _a0837193117
040 _aDLC
_cDLC
_dDLC
041 _aeng
043 _an-us---
080 _a301.4210
082 0 0 _a301.4210 OGB
100 1 _a50
101 _aSOC
245 1 0 _aTechnology and the changing family /
_cW. F. Ogburn, M. F. Nimkoff.
504 _aIncludes bibliographical references and index.
906 _a7
_bcbc
_corignew
_d1
_eocip
_f19
_gy-gencatlg
942 _2ddc
_cBK
999 _c43353
_d43353